000
00285nam a22001337a 4500
008
171024b xxu||||| |||| 00| 0 eng d
020
_a
9780023790201
041
_a
eng
080
_2
4th
_a
311
100
_a
55
101
_a
STA
245
_a
STATISTICS
_c
CLAVE,J,.T
942
_2
udc
_c
BK
999
_c
35705
_d
35705